Reglamento escuela de derecho

Guardat en:
Dades bibliogràfiques
Autor corporatiu: Pontificia Universidad Católica de Chile (Autor)
Format: Llibre
Idioma:espanyol
Publicat: Santiago Pontificia Universidad Católica de Chile 1957
Matèries:
Etiquetes: Afegir etiqueta
Sense etiquetes, Sigues el primer a etiquetar aquest registre!

MARC

LEADER 00000nam a2200000 a 4500
001 UCS3046
003 CL-VaPUC
008 970613e19570000CL |||||||||||||||||spa|d
082 0 4 |a 378.05  |b PON  |2 21 
110 2 |a Pontificia Universidad Católica de Chile  |e author  |9 389010 
245 1 0 |a Reglamento escuela de derecho 
300 |a 47 p 
942 |c BK 
945 |d 19970613 00:00:00  |a lriquelm 
260 |a Santiago  |b Pontificia Universidad Católica de Chile  |c 1957 
650 0 |a Universidades  |9 256317 
650 0 |a Educación superior   |9 223851 
650 7 |a DERECHO  |2 CL-VaPUC  |9 389011 
650 7 |a REGLAMENTOS  |2 CL-VaPUC  |9 259254 
650 7 |a PLANES EDUCACIONALES  |2 CL-VaPUC  |9 340232 
583 |a last modification  |c 20170606 01:03:50  |k Rodrigo Vera 
999 |c 260896  |d 260894 
952 |0 0  |1 0  |4 0  |6 378_050000000000000_PON_1957  |7 0  |8 P  |9 287519  |a BIBDER  |b BIBDER  |d 2019-11-19  |i 1866184  |o 378.05 PON 1957  |p 1866184  |r 2023-01-25  |w 2019-11-19  |y BK  |k DER